Medicina (Record no. 72545)

MARC details
000 -LEADER
campo de control de longitud fija 00526nam a2200181 i 4500
001 - NÚMERO DE CONTROL
campo de control 72545
003 - IDENTIFICADOR DE NÚMERO DE CONTROL
campo de control ES-MaACL
005 - FECHA Y HORA DE LA ÚLTIMA TRANSACCIÓN
campo de control 20230906171452.0
007 - CAMPO FIJO DE DESCRIPCIÓN FÍSICA--INFORMACIÓN GENERAL
campo de control de longitud fija t|
008 - DATOS DE LONGITUD FIJA--INFORMACIÓN GENERAL
campo de control de longitud fija 040901s1967 sp ||||1| spa d
100 1# - ENTRADA PRINCIPAL--NOMBRE DE PERSONA
Nombre de persona Glaser, Hugo.
9 (RLIN) 57397
245 10 - MENCIÓN DEL TÍTULO
Título Medicina
Resto del título : hora cero /
Mención de responsabilidad, etc. Hugo Glaser ; [versión, Víctor Scholz].
250 ## - MENCION DE EDICION
Mención de edición [1ª ed.].
260 ## - PUBLICACIÓN, DISTRIBUCIÓN, ETC.
Lugar de publicación, distribución, etc. Barcelona :
Nombre del editor, distribuidor, etc. Argos,
Fecha de publicación, distribución, etc. [1967] (
Fabricante Diamante)
300 ## - DESCRIPCIÓN FÍSICA
Extensión 254 p., 6 lám. ;
Dimensiones 27 cm.
700 1# - ENTRADA AGREGADA--NOMBRE PERSONAL
Nombre de persona Scholz, Víctor.
9 (RLIN) 104643
852 ## - LOCALIZACIÓN
Ubicación ES-MaACL
Número de control de estantería C-9530
Sublocalización o colección R.69969
Holdings
Estatus retirado Estado de pérdida Estado de daño No para préstamo Biblioteca de origen Biblioteca actual Ubicación en estantería Fecha de adquisición Fuente de adquisición Total de préstamos Signatura topográfica completa Código de barras Visto por última vez Precio de reemplazo Tipo de ítem Koha
        Biblioteca del Ateneo de Madrid Biblioteca del Ateneo de Madrid Sala Palomar 17/01/2008     C-9530 1075946 23/02/2023 23/02/2023 Libro impreso